<?xml version="1.0" encoding="UTF-8"?>
<record
    xmlns:xsi="http://www.w3.org/2001/XMLSchema-instance"
    xsi:schemaLocation="http://www.loc.gov/MARC21/slim http://www.loc.gov/standards/marcxml/schema/MARC21slim.xsd"
    xmlns="http://www.loc.gov/MARC21/slim">

  <leader>00444nam a22001577a 4500</leader>
  <controlfield tag="005">20251110154653.0</controlfield>
  <controlfield tag="008">251110b        |||||||| |||| 00| 0 eng d</controlfield>
  <datafield tag="020" ind1=" " ind2=" ">
    <subfield code="a">979-8-88715-050-5</subfield>
  </datafield>
  <datafield tag="100" ind1=" " ind2=" ">
    <subfield code="a">WATSON, KIARA</subfield>
  </datafield>
  <datafield tag="245" ind1=" " ind2=" ">
    <subfield code="a">PRINCIPLES OF VOCATIONAL TRAINING</subfield>
  </datafield>
  <datafield tag="260" ind1=" " ind2=" ">
    <subfield code="a">DUBLIN</subfield>
    <subfield code="b">ORYSON PRESS</subfield>
    <subfield code="c">2023</subfield>
  </datafield>
  <datafield tag="300" ind1=" " ind2=" ">
    <subfield code="a">XI, 304P.</subfield>
  </datafield>
  <datafield tag="500" ind1=" " ind2=" ">
    <subfield code="a">INCLUDES INDEX</subfield>
  </datafield>
  <datafield tag="650" ind1=" " ind2=" ">
    <subfield code="a">1. VOCATIONAL EDUCATION 2. APPRENTICESHIP PROGRAMS</subfield>
  </datafield>
  <datafield tag="942" ind1=" " ind2=" ">
    <subfield code="2">lcc</subfield>
    <subfield code="c">BK</subfield>
  </datafield>
  <datafield tag="999" ind1=" " ind2=" ">
    <subfield code="c">216157</subfield>
    <subfield code="d">216157</subfield>
  </datafield>
  <datafield tag="952" ind1=" " ind2=" ">
    <subfield code="0">0</subfield>
    <subfield code="1">0</subfield>
    <subfield code="2">lcc</subfield>
    <subfield code="4">0</subfield>
    <subfield code="6">LC1045 W38  02023</subfield>
    <subfield code="7">0</subfield>
    <subfield code="9">373214</subfield>
    <subfield code="a">KSUL</subfield>
    <subfield code="b">KSUL</subfield>
    <subfield code="d">2025-11-10</subfield>
    <subfield code="i">109677</subfield>
    <subfield code="l">0</subfield>
    <subfield code="o">LC 1045. W38 2023</subfield>
    <subfield code="p">000000018091</subfield>
    <subfield code="r">2025-11-10 15:48:45</subfield>
    <subfield code="t">C.1</subfield>
    <subfield code="w">2025-11-10</subfield>
    <subfield code="y">BK</subfield>
  </datafield>
  <datafield tag="952" ind1=" " ind2=" ">
    <subfield code="0">0</subfield>
    <subfield code="1">0</subfield>
    <subfield code="2">lcc</subfield>
    <subfield code="4">0</subfield>
    <subfield code="6">LC1045 W38  02023</subfield>
    <subfield code="7">0</subfield>
    <subfield code="9">373215</subfield>
    <subfield code="a">KSUL</subfield>
    <subfield code="b">KSUL</subfield>
    <subfield code="d">2025-11-10</subfield>
    <subfield code="i">109678</subfield>
    <subfield code="l">0</subfield>
    <subfield code="o">LC 1045. W38 2023</subfield>
    <subfield code="p">000000017989</subfield>
    <subfield code="r">2025-11-10 15:48:00</subfield>
    <subfield code="t">C.2</subfield>
    <subfield code="w">2025-11-10</subfield>
    <subfield code="y">BK</subfield>
  </datafield>
  <datafield tag="952" ind1=" " ind2=" ">
    <subfield code="0">0</subfield>
    <subfield code="1">0</subfield>
    <subfield code="2">lcc</subfield>
    <subfield code="4">0</subfield>
    <subfield code="6">LC1045 W38  02023</subfield>
    <subfield code="7">0</subfield>
    <subfield code="9">373216</subfield>
    <subfield code="a">KSUL</subfield>
    <subfield code="b">KSUL</subfield>
    <subfield code="d">2025-11-10</subfield>
    <subfield code="i">109679</subfield>
    <subfield code="l">0</subfield>
    <subfield code="o">LC 1045. W38 2023</subfield>
    <subfield code="p">000000017990</subfield>
    <subfield code="r">2025-11-10 15:48:00</subfield>
    <subfield code="t">C.3</subfield>
    <subfield code="w">2025-11-10</subfield>
    <subfield code="y">BK</subfield>
  </datafield>
  <datafield tag="952" ind1=" " ind2=" ">
    <subfield code="0">0</subfield>
    <subfield code="1">0</subfield>
    <subfield code="2">lcc</subfield>
    <subfield code="4">0</subfield>
    <subfield code="6">LC1045 W38  02023</subfield>
    <subfield code="7">0</subfield>
    <subfield code="9">373217</subfield>
    <subfield code="a">KSUL</subfield>
    <subfield code="b">KSUL</subfield>
    <subfield code="d">2025-11-10</subfield>
    <subfield code="i">109680</subfield>
    <subfield code="l">0</subfield>
    <subfield code="o">LC 1045. W38 2023</subfield>
    <subfield code="p">000000018092</subfield>
    <subfield code="r">2025-11-10 15:48:00</subfield>
    <subfield code="t">C.4</subfield>
    <subfield code="w">2025-11-10</subfield>
    <subfield code="y">BK</subfield>
  </datafield>
</record>
